<?xml version="1.0" encoding="UTF-8"?>
<record
    xmlns:xsi="http://www.w3.org/2001/XMLSchema-instance"
    xsi:schemaLocation="http://www.loc.gov/MARC21/slim http://www.loc.gov/standards/marcxml/schema/MARC21slim.xsd"
    xmlns="http://www.loc.gov/MARC21/slim">

  <leader>02192nam a2200277   4500</leader>
  <controlfield tag="005">20260427132115.0</controlfield>
  <controlfield tag="008">260427b        |||||||| |||| 00| 0 eng d</controlfield>
  <datafield tag="020" ind1=" " ind2=" ">
    <subfield code="a">9789395939348</subfield>
  </datafield>
  <datafield tag="040" ind1=" " ind2=" ">
    <subfield code="c">AL</subfield>
  </datafield>
  <datafield tag="041" ind1=" " ind2=" ">
    <subfield code="a">eng</subfield>
  </datafield>
  <datafield tag="082" ind1=" " ind2=" ">
    <subfield code="a">347.052</subfield>
    <subfield code="b">SINC</subfield>
  </datafield>
  <datafield tag="100" ind1=" " ind2=" ">
    <subfield code="a">Singhal M L</subfield>
    <subfield code="9">262873</subfield>
  </datafield>
  <datafield tag="245" ind1=" " ind2=" ">
    <subfield code="a">Commentary on limitation act Ed 3</subfield>
  </datafield>
  <datafield tag="250" ind1=" " ind2=" ">
    <subfield code="a">3</subfield>
  </datafield>
  <datafield tag="260" ind1=" " ind2=" ">
    <subfield code="a">Delhi</subfield>
    <subfield code="b">Vinod Publications Pvt Ltd</subfield>
    <subfield code="c">2025</subfield>
  </datafield>
  <datafield tag="300" ind1=" " ind2=" ">
    <subfield code="a">clix,988p</subfield>
    <subfield code="b">HB</subfield>
    <subfield code="c">24.5x16cm</subfield>
  </datafield>
  <datafield tag="365" ind1=" " ind2=" ">
    <subfield code="2">Law</subfield>
    <subfield code="a">1343</subfield>
    <subfield code="b">&#x20B9;2025.00</subfield>
    <subfield code="c">&#x20B9;</subfield>
    <subfield code="d">&#x20B9;2700.00</subfield>
    <subfield code="e">25%</subfield>
    <subfield code="f">14-03-2026</subfield>
  </datafield>
  <datafield tag="520" ind1=" " ind2=" ">
    <subfield code="a">This comprehensive third edition of Justice M L Singhal's Commentary on the Limitation Act, 1963 offers a detailed analysis and expert insights into the nuances of the law governing time limits for filing suits and claims in India. Known for its clarity and depth, this book is an essential resource for legal practitioners, students, and scholars looking to deepen their understanding of the Limitation Act. The 2025 edition incorporates the latest judicial interpretations, making it an indispensable guide for anyone engaged with the intricacies of legal time-bars and limitations.
Key Features:
In-depth Analysis of the Limitation Act (Act No. 36 of 1963) and its provisions.
Special Emphasis on critical topics including the Bar of Limitation, Period of Limitation, and Condonation of Delay.
Detailed Discussion on Adverse Possession and its relation to limitation.
Examination of Limitation in Criminal Proceedings with a focus on specific challenges in this area.
Limitation for Cancellation of Sale Deed, providing a practical guide to this complex subject.
Updated with the latest legal developments and case law, making it an essential reference for contemporary legal practice.
This book is an invaluable tool for navigating the complexities of the Limitation Act and ensuring a strong legal foundation in matters concerning time-barred claims and suits.</subfield>
  </datafield>
  <datafield tag="650" ind1=" " ind2=" ">
    <subfield code="a">Act No 36 of 1963</subfield>
    <subfield code="9">262867</subfield>
  </datafield>
  <datafield tag="650" ind1=" " ind2=" ">
    <subfield code="a">Bar of Limitation</subfield>
    <subfield code="9">262868</subfield>
  </datafield>
  <datafield tag="650" ind1=" " ind2=" ">
    <subfield code="a">Condonation of Delay</subfield>
    <subfield code="9">262869</subfield>
  </datafield>
  <datafield tag="650" ind1=" " ind2=" ">
    <subfield code="a">Criminal Proceedings</subfield>
    <subfield code="9">262870</subfield>
  </datafield>
  <datafield tag="650" ind1=" " ind2=" ">
    <subfield code="a">Adverse Possession</subfield>
    <subfield code="9">262871</subfield>
  </datafield>
  <datafield tag="650" ind1=" " ind2=" ">
    <subfield code="a">Cancellation of Sale Deed</subfield>
    <subfield code="9">262872</subfield>
  </datafield>
  <datafield tag="942" ind1=" " ind2=" ">
    <subfield code="2">ddc</subfield>
    <subfield code="c">BK</subfield>
  </datafield>
  <datafield tag="999" ind1=" " ind2=" ">
    <subfield code="c">241366</subfield>
    <subfield code="d">241366</subfield>
  </datafield>
  <datafield tag="952" ind1=" " ind2=" ">
    <subfield code="0">0</subfield>
    <subfield code="1">0</subfield>
    <subfield code="2">ddc</subfield>
    <subfield code="4">0</subfield>
    <subfield code="7">0</subfield>
    <subfield code="8">Law</subfield>
    <subfield code="a">LL</subfield>
    <subfield code="b">LL</subfield>
    <subfield code="d">2026-04-18</subfield>
    <subfield code="e">MPP House Bengaluru-560009</subfield>
    <subfield code="g">2025.00</subfield>
    <subfield code="l">0</subfield>
    <subfield code="o">347.052 SINC</subfield>
    <subfield code="p">LL002660</subfield>
    <subfield code="r">2026-04-27 13:20:41</subfield>
    <subfield code="v">2700.00</subfield>
    <subfield code="w">2026-03-14</subfield>
    <subfield code="y">BK</subfield>
  </datafield>
  <datafield tag="952" ind1=" " ind2=" ">
    <subfield code="0">0</subfield>
    <subfield code="1">0</subfield>
    <subfield code="2">ddc</subfield>
    <subfield code="4">0</subfield>
    <subfield code="7">0</subfield>
    <subfield code="8">Law</subfield>
    <subfield code="a">LL</subfield>
    <subfield code="b">LL</subfield>
    <subfield code="d">2026-04-23</subfield>
    <subfield code="e">MPP House Bengaluru-560009</subfield>
    <subfield code="g">2025.00</subfield>
    <subfield code="l">0</subfield>
    <subfield code="o">347.052 SINC</subfield>
    <subfield code="p">LL002752</subfield>
    <subfield code="r">2026-04-27 13:34:05</subfield>
    <subfield code="v">2700.00</subfield>
    <subfield code="w">2026-03-21</subfield>
    <subfield code="y">BK</subfield>
  </datafield>
  <datafield tag="952" ind1=" " ind2=" ">
    <subfield code="0">0</subfield>
    <subfield code="1">0</subfield>
    <subfield code="2">ddc</subfield>
    <subfield code="4">0</subfield>
    <subfield code="7">0</subfield>
    <subfield code="8">Law</subfield>
    <subfield code="a">LL</subfield>
    <subfield code="b">LL</subfield>
    <subfield code="d">2026-04-27</subfield>
    <subfield code="e">MPP House Bengaluru-560009</subfield>
    <subfield code="g">2025.00</subfield>
    <subfield code="l">0</subfield>
    <subfield code="o">347.052 SINC</subfield>
    <subfield code="p">LL002751</subfield>
    <subfield code="r">2026-04-27 14:23:09</subfield>
    <subfield code="v">2700.00</subfield>
    <subfield code="w">2026-03-21</subfield>
    <subfield code="y">BK</subfield>
  </datafield>
</record>
